000 00582nam a2200205Ia 4500
008 191130s2000##################000#0#eng##
020 _a9780333526996
040 _aACL
_cACL
082 _a332.10684 MOR
100 _aMorgan, Glenn
245 _aBeyond organizational change
_cGlenn Morgan and Andrew Sturdy
260 _aLondon
_bMacmillian Press LTD
_c2000
300 _avii, 309 p. ; 23 cm.
500 _aIncludes index
650 _aFinancial economic
700 _aSturdy, Andrew
990 _a38d97b72ac10000c363def335c4ab151
991 _a155089
999 _c114929
_d114929